000
00243nam a2200097Ia 4500
001
640825
005
20250826153454.0
008
250824s9999 xx 000 0 und d
245
0
_a
PAPKİN GİZEMLİ ŞATO
_c
İDİL ÜNLÜ
260
_b
GENÇ TİMAŞ
999
_c
640825
_d
640825